| 000 | 00405nam a22001457a 4500 | ||
|---|---|---|---|
| 003 | OSt | ||
| 008 | 241101b |||||||| |||| 00| 0 eng d | ||
| 020 | _a9788178002576 | ||
| 082 |
_a621.47 _bANI/EN |
||
| 100 |
_aAnil KUmar _aSudhakr, K _96371 |
||
| 245 | _aEnergy, Environment, Ecology and Society (As per Latest RGPV Syllabus) | ||
| 260 |
_aHyderabad _bBS Publications _c2011 |
||
| 300 | _a194 | ||
| 942 | _cBK | ||
| 999 |
_c14274 _d14274 |
||